00330nam a2200121Ia 4500008004100000041000800041082001400049100002100063245004500084260003800129300003200167365000900199240624s9999 xx 000 0 und d aeng a332.6 CAS aCASABONA PATRICK aINVESTMENT PRICING METHODS A GUIDE FOR A c2002aNew YorkbJohn Wiley & Sons axvii, : 360 : p. : cm. ; 23 cb26